Los medios de comunicación frente al reto de la democratización en Centroamérica: dilemas y escenarios futuros /

Zapisane w:
Opis bibliograficzny
1. autor: Chamorro Barrios, Carlos Fernando
Format: Książka
Język:Spanish
Etykiety: Dodaj etykietę
Nie ma etykietki, Dołącz pierwszą etykiete!

MARC

LEADER 00000nam a22000007a 4500
003 cru CIDCACS/IIS
005 20220525062537.0
007 ta
008 180531t2001 es |||||r|||||||| ||spa|d
999 |c 41499  |d 41499 
040 |c cru CIDCACS/IIS 
100 1 |a Chamorro Barrios, Carlos Fernando  |9 7319 
245 1 4 |a Los medios de comunicación frente al reto de la democratización en Centroamérica:  |b dilemas y escenarios futuros /  |c Carlos F. Chamorro 
300 |a páginas 267-289 
773 0 |0 41490  |9 2057  |a Córdova Macías, Ricardo  |d El Salvador: FUNDAUNGO, 2001  |o 17713  |t Pasos hacia una nueva convivencia:  |z 9992329084 
942 |2 ddc  |c LI